What's Left? IV Quiz Stats

 Plays Quiz Updated May 10, 2012

Also try: What's Left? III
Challenge
Share
Tweet
Embed
Score 0/30 Timer 04:00
6 Plays Today
Full version - Acronym Acronym % Correct
riend ith enefitsFWB
99.3%
nternational ouse f ancakesIHOP
99.1%
ational ublic adioNPR
97.8%
andom-ccess emoryRAM
97.1%
lobal ositioning ystemGPS
96.2%
eil atrick arrisNPH
95.8%
ranklin elano ooseveltFDR
94.4%
rench onnection nited ingdomFCUK
93%
retty oung hingPYT
91.3%
ost-raumatic tress isorderPTSD
86.5%
emocrat n ame nlyDINO
82.9%
er oyal ighnessHRH
82.9%
perating oomOR
82.8%
uerculosisTB
81.9%
uarterackQB
80.9%
Full version - Acronym Acronym % Correct
ain n he ssPITA
79.9%
apid ye ovementREM
79.8%
mplitude odulationAM
79.3%
usic eleisionMTV
74.8%
ongress f acial qualityCORE
72.1%
ole-laying ameRPG
71.6%
hi eta appaPBK
66.8%
nterior ruciate igamentACL
65.9%
ow-ensity ipoproteinLDL
60%
ual ncome o idsDINK
55.3%
onna aran ew orkDKNY
54%
ituation ormal ll ouled pSNAFU
49.8%
eilitarized oneDMZ
47.7%
arned un verageERA
35.6%
ngvar amprad lmtaryd gunnarydIKEA
8%

You're not logged in!

Compare scores with friends on all Sporcle quizzes.
Join for Free
OR
Log In

You Might Also Like...

Show Comments

Extras

Top Quizzes Today


Score Distribution

Your Account Isn't Verified!

In order to create a playlist on Sporcle, you need to verify the email address you used during registration. Go to your Sporcle Settings to finish the process.

Report this User

Report this user for behavior that violates our Community Guidelines.

Details: